|
|
|
|
| LEADER |
02324nem a22005292a 4500 |
| 001 |
mzk03001053747 |
| 003 |
CZ BrMZK |
| 005 |
20110210090458.0 |
| 007 |
aj|ca||| |
| 008 |
070827s1725 xxki||||||a|||r|0|||engod |
| 034 |
1 |
|
|a a
|b 3400000
|d E0091739
|e E0201531
|f N0545452
|g N0491512
|
| 040 |
|
|
|a BOA001
|b cze
|
| 043 |
|
|
|a e-gx---
|a e-xr---
|a e-xr-sl
|a e-pl---
|
| 072 |
|
7 |
|a 912:904
|x Staré mapy
|2 Konspekt
|9 7
|
| 080 |
|
|
|a (084.3)
|2 MRF
|
| 080 |
|
|
|a (430+438)
|2 MRF
|
| 080 |
|
|
|a (430.245)
|2 MRF
|
| 080 |
|
|
|a (430.246)
|2 MRF
|
| 080 |
|
|
|a (430.249)
|2 MRF
|
| 080 |
|
|
|a (437.33+438)
|2 MRF
|
| 080 |
|
|
|a 912.43:069.5
|2 MRF
|
| 100 |
1 |
|
|a Moll, Herman,
|d 1654-1732
|7 mzk2009533658
|4 aut
|
| 245 |
1 |
4 |
|a The N. E. Part of Germany
|h [kartografický dokument] :
|b Containing the Dominions of the Electors of Brandenburg and Saxony, the Dutchy of Meklenburg, Pomerania and Silesia &c. /
|c By H. Moll Geographer
|
| 255 |
|
|
|a Měřítko [ca 1:3 400 000]. 4,4 cm = 8 English Miles
|c (009°17´39" v.d.--020°15´31" v.d./054°54´52" s.š.--049°15´12" s.š.)
|
| 260 |
|
|
|a [London] :
|b By H. Moll Geographer,
|c 1725
|
| 300 |
|
|
|a 1 mapa :
|b mědirytina, ručně kolorovaná, podlepená papírem ;
|c 19 x 25 cm na listu 21 x 27 cm
|
| 500 |
|
|
|a Podlepeno papírem o velikosti 57 x 64 cm
|
| 500 |
|
|
|a Výzdoba: V pravém, horním rohu název a vysvětlivky, při dolním okraji grafické měřítko, v mapovém rámci geografické souřadnice
|
| 510 |
3 |
|
|a IKAR
|
| 510 |
4 |
|
|a Kuchař, K. Mapová sbírka B.P. Molla,
|c s. 354
|
| 655 |
|
7 |
|a historické mapy
|7 fd186723
|2 czenas
|
| 650 |
0 |
4 |
|a Mollova mapová sbírka
|
| 650 |
0 |
7 |
|a mapové sbírky
|z Česko
|7 ph182407
|2 czenas
|
| 610 |
2 |
7 |
|a Moravská zemská knihovna (Brno, Česko).
|b Mapová sbírka B.P. Molla
|7 mzk2005304487
|2 czenas
|
| 651 |
|
7 |
|a Sasko (Německo)
|7 ge128571
|2 czenas
|
| 651 |
|
7 |
|a Slezsko
|7 ge130850
|2 czenas
|
| 651 |
|
7 |
|a Braniborsko (Německo)
|7 ge128413
|2 czenas
|
| 651 |
|
7 |
|a Meklenbursko (Německo)
|7 ge129993
|2 czenas
|
| 651 |
|
7 |
|a Pomořansko (Německo a Polsko)
|7 ge130481
|2 czenas
|
| 856 |
4 |
1 |
|u http://mapy.mzk.cz/mzk03/001/053/747/2619316983
|y Digitalizovaný dokument
|
| 903 |
|
|
|a RP
|
| 910 |
|
|
|a BOA001
|b Moll-0003.659
|
| 978 |
|
|
|b Moll, Hermann
|a London
|c 1725
|
| 984 |
|
|
|a Londýn
|b Velká Británie
|
| 985 |
|
|
|a 1701-1750
|
| 990 |
|
|
|a MP
|
| 991 |
|
|
|k mzk
|